| 000 | 00752cab a2200253 4500 | ||
|---|---|---|---|
| 001 | ABS56883 | ||
| 008 | 090401t1997 xxu||||| |||| 00| 0 eng d | ||
| 035 | _a(Sirsi) u78098 | ||
| 041 | _aeng | ||
| 245 | _aLicensed and leisure property supplement | ||
| 260 | _c1997 | ||
| 350 | _a0 | ||
| 490 |
_aEstates Gazette _vSupplement Spring 1997, (38) LOAN |
||
| 520 | _aSurvey of the leisure market covering the licensed sector, restaurants, budget hotels and casinos. Latest pub, restaurant and hotel deals. | ||
| 650 | _aCASINOS | ||
| 650 | _aDEALS | ||
| 650 | _aHOTEL MARKET | ||
| 650 | _aLEISURE MARKET | ||
| 650 | _aPUBLIC HOUSE MARKET | ||
| 650 | _aRESTAURANTS | ||
| 690 | _aLEISURE AND RECREATION | ||
| 942 | _n0 | ||
| 948 | _c01/05/1997 | ||
| 999 |
_c49139 _d49139 |
||